[Event "Steinfurt Bezirksliga 1617"]
[Site "Germany"]
[Date "2017.05.20"]
[Round "9.4"]
[White "Gutjahr, Vladimir"]
[Black "Raththinaraajah, Piragas"]
[Result "1-0"]
[WhiteElo "1412"]
[BlackElo "1354"]
[PlyCount "87"]
[EventDate "2016.09.24"]
[EventType "team"]
[EventRounds "9"]
[EventCountry "GER"]
[SourceTitle "EXT 2018"]
[Source "ChessBase"]
[SourceDate "2017.10.13"]
[SourceVersion "1"]
[SourceVersionDate "2017.10.13"]
[SourceQuality "1"]
[WhiteTeam "Steinfurt III"]
[BlackTeam "Ibbenbueren II"]
[WhiteTeamCountry "GER"]
[BlackTeamCountry "GER"]

1. d4 e6 2. Nf3 d5 3. e3 Nf6 4. Nbd2 Be7 5. c3 0-0 6. Bd3 Nbd7 7. Qc2 h6 8. e4 dxe4 9. Nxe4 b6 10. Be3 Bb7 11. Ned2 c5 12. 0-0 Qc7 13. Be4 Nxe4 14. Nxe4 Nf6 15. Nxf6+ Bxf6 16. Qe2 cxd4 17. Nxd4 Rfd8 18. Qg4 Kh8 19. Qh3 Kh7 20. Qg4 Qe5 21. Rfe1 Qa5 22. a4 Qd5 23. Red1 h5 24. Qh3 g6 25. Qf3 Qxf3 26. Nxf3 Bxf3 27. gxf3 Rac8 28. Rxd8 Rxd8 29. Kf1 Be7 30. Ke2 f5 31. a5 bxa5 32. Rxa5 Bf6 33. Rxa7+ Kg8 34. Rb7 g5 35. h3 g4 36. fxg4 fxg4 37. hxg4 h4 38. g5 h3 39. gxf6 h2 40. Rg7+ Kh8 41. Rg6 h1Q 42. Rh6+ Qxh6 43. Bxh6 Rd7 44. b4 1-0

[Event "Steinfurt Bezirksliga 1617"]
[Site "Germany"]
[Date "2017.01.21"]
[Round "5.5"]
[White "Schulte, Rainer"]
[Black "Raththinaraajah, Piragas"]
[Result "1/2-1/2"]
[WhiteElo "1491"]
[BlackElo "1354"]
[PlyCount "62"]
[EventDate "2016.09.24"]
[EventType "team"]
[EventRounds "9"]
[EventCountry "GER"]
[SourceTitle "EXT 2018"]
[Source "ChessBase"]
[SourceDate "2017.10.13"]
[SourceVersion "1"]
[SourceVersionDate "2017.10.13"]
[SourceQuality "1"]
[WhiteTeam "Emsdetten Rochade V"]
[BlackTeam "Ibbenbueren II"]
[WhiteTeamCountry "GER"]
[BlackTeamCountry "GER"]

1. d4 Nf6 2. c4 e6 3. Nc3 d5 4. Bg5 Be7 5. e3 Nc6 6. Nf3 0-0 7. a3 Ne8 8. Bxe7 Nxe7 9. c5 Bd7 10. Bd3 b6 11. b4 c6 12. Qc2 h6 13. 0-0 b5 14. a4 a6 15. Ra2 Nf6 16. Ne5 Qc7 17. Rfa1 Rab8 18. axb5 axb5 19. Nxd7 Nxd7 20. e4 Qf4 21. Ra7 Rfd8 22. Ne2 Qg5 23. Rc7 Ra8 24. Raa7 Rxa7 25. Rxa7 Ng6 26. exd5 exd5 27. Bxg6 fxg6 28. Ng3 Kh7 29. h3 Qf4 30. Qe2 Qf6 31. Qe3 Nf8 1/2-1/2

[Event "Steinfurt Bezirksliga 1617"]
[Site "Germany"]
[Date "2016.10.22"]
[Round "2.4"]
[White "Beimdiek, Reiner"]
[Black "Raththinaraajah, Piragas"]
[Result "1/2-1/2"]
[WhiteElo "1764"]
[BlackElo "1354"]
[PlyCount "79"]
[EventDate "2016.09.24"]
[EventType "team"]
[EventRounds "9"]
[EventCountry "GER"]
[SourceTitle "EXT 2018"]
[Source "ChessBase"]
[SourceDate "2017.10.13"]
[SourceVersion "1"]
[SourceVersionDate "2017.10.13"]
[SourceQuality "1"]
[WhiteTeam "Westerkappeln"]
[BlackTeam "Ibbenbueren II"]
[WhiteTeamCountry "GER"]
[BlackTeamCountry "GER"]

1. e4 e5 2. Nf3 Nf6 3. Nxe5 d6 4. Nf3 Nxe4 5. d4 Be7 6. c4 Bg4 7. Nc3 Nxc3 8. bxc3 Nd7 9. Bd3 0-0 10. 0-0 Bf6 11. Be3 c5 12. Qc2 Bxf3 13. Bxh7+ Kh8 14. gxf3 g6 15. Bxg6 fxg6 16. Kh1 Qe7 17. Rg1 Rf7 18. Qxg6 Rg7 19. Qh5+ Rh7 20. Qg4 Rh4 21. Qf5 Qh7 22. Qxh7+ Kxh7 23. Rg4 Rg8 24. Rag1 Rhxg4 25. fxg4 Nb6 26. h3 Nxc4 27. Kg2 Bh4 28. Rd1 Re8 29. dxc5 Nxe3+ 30. fxe3 dxc5 31. Kf3 Re7 32. Rd5 Rf7+ 33. Ke4 Bf2 34. Rxc5 Re7+ 35. Kf5 Bxe3 36. Rc8 b5 37. Rc6 Rf7+ 38. Ke4 Bc1 39. Rc8 Re7+ 40. Kf5 1/2-1/2

[Event "Steinfurt Bezirksklasse 1516"]
[Site "Germany"]
[Date "2015.09.05"]
[Round "1.2"]
[White "Raththinaraajah, Piragas"]
[Black "Strotmann, Horst"]
[Result "1-0"]
[WhiteElo "1201"]
[BlackElo "1494"]
[PlyCount "49"]
[EventDate "2015.09.05"]
[EventType "team-tourn"]
[EventRounds "9"]
[EventCountry "GER"]
[SourceTitle "EXT 2017"]
[Source "ChessBase"]
[SourceDate "2016.10.25"]
[SourceVersion "1"]
[SourceVersionDate "2016.10.25"]
[SourceQuality "1"]
[WhiteTeam "Ibbenbueren III"]
[BlackTeam "Rheine Klein Berlin III"]
[WhiteTeamCountry "GER"]
[BlackTeamCountry "GER"]

1. e4 c5 2. Nc3 Nc6 3. Nf3 e6 4. d4 cxd4 5. Nxd4 e5 6. Nxc6 bxc6 7. Bc4 Nf6 8. Bg5 Rb8 9. Bb3 Ba6 10. Qd2 Bb4 11. a3 Nxe4 12. axb4 Nxd2 13. Bxd8 Nxb3 14. cxb3 Bd3 15. Bc7 Rb7 16. Bxe5 Rxb4 17. Rxa7 Ke7 18. Kd2 Bb5 19. Re1 f6 20. Bg3+ Kf7 21. Rxd7+ Kg6 22. Nxb5 Rxb5 23. Ree7 Rg8 24. Rc7 Rb6 25. Kc3 1-0

[Event "Steinfurt Bezirksklasse 1112"]
[Site "Germany"]
[Date "2011.12.17"]
[Round "4.8"]
[White "Plagge, Christian"]
[Black "Raththinaraajah, Piragas"]
[Result "1/2-1/2"]
[WhiteElo "1453"]
[BlackElo "808"]
[PlyCount "48"]
[EventDate "2011.09.24"]
[EventType "team-tourn"]
[EventRounds "9"]
[EventCountry "GER"]
[SourceTitle "EXT 2013"]
[Source "ChessBase"]
[SourceDate "2012.11.22"]
[SourceVersion "1"]
[SourceVersionDate "2012.11.22"]
[SourceQuality "1"]
[WhiteTeam "Emsdetten Turm III"]
[BlackTeam "Ibbenbueren III"]
[WhiteTeamCountry "GER"]
[BlackTeamCountry "GER"]

1. e4 e5 2. Nf3 Nc6 3. Bb5 a6 4. Ba4 Nf6 5. d3 b5 6. Bb3 h6 7. 0-0 Bc5 8. Be3 d6 9. c3 Bxe3 10. fxe3 d5 11. exd5 Nxd5 12. Qe1 0-0 13. d4 Re8 14. Bxd5 Qxd5 15. e4 Qd6 16. d5 Nd8 17. Nbd2 Qf6 18. Nh4 Qb6+ 19. Qf2 Qxf2+ 20. Rxf2 f6 21. Nf5 Bxf5 22. Rxf5 Nf7 23. Rf2 Nd6 24. Rc1 Rac8 1/2-1/2